| 000 | 00592nam a22002057a 4500 | ||
|---|---|---|---|
| 005 | 20170214115738.0 | ||
| 008 | 170119b xxu||||| |||| 00| 0 eng d | ||
| 020 | _a0880482125 | ||
| 040 | _cPK-LaUMT | ||
| 082 |
_a616.85223 _bGRE-A |
||
| 100 | _aGreist, John H. | ||
| 245 |
_aAnxiety and tis treatment: _bhelp is available/ _cJohn H. Greist , James W. Jefferson and Isaas M. Marks |
||
| 260 |
_aWashington: _bAmerican psychiatric press, _c1986 |
||
| 300 | _a202 p. | ||
| 546 | _aen | ||
| 650 | _aPopular work | ||
| 700 | _aJames w. jefferson | ||
| 700 | _aIsaas M. Marks | ||
| 942 | _cBK | ||
| 999 |
_c90271 _d90271 |
||